Estadísticas para Mejor jugador defensivo de la NBA

Haz click aquí para intentar la prueba.

Estadísticas generales

  • Esta prueba ha sido intentada 106 veces
  • La puntuación promedio es 22 de 40

Estadísticas de respuestas

AÑORespuesta% Correcto
1988Michael Jordan
92%
2020Giannis Antetokounmpo
87%
2021Rudy Gobert
80%
2019Rudy Gobert
80%
2018Rudy Gobert
80%
2017Draymond Green
75%
1993Hakeem Olajuwon
74%
1994Hakeem Olajuwon
74%
2013Marc Gasol
74%
2003Ben Wallace
69%
2002Ben Wallace
69%
2006Ben Wallace
69%
2005Ben Wallace
69%
2011Dwight Howard
69%
2010Dwight Howard
69%
2009Dwight Howard
69%
2022Marcus Smart
69%
2016Kawhi Leonard
66%
2015Kawhi Leonard
66%
1996Gary Payton
64%
2008Kevin Garnett
59%
1991Dennis Rodman
57%
1990Dennis Rodman
57%
1992David Robinson
54%
1998Dikembe Mutombo
49%
1997Dikembe Mutombo
49%
1995Dikembe Mutombo
49%
2001Dikembe Mutombo
49%
2014Joakim Noah
48%
2000Alonzo Mourning
34%
1999Alonzo Mourning
34%
1989Mark Eaton
31%
1985Mark Eaton
31%
2004Ron Artest
28%
1984Sidney Moncrief
28%
1983Sidney Moncrief
28%
2012Tyson Chandler
28%
2007Marcus Camby
23%
1986Alvin Robertson
21%
1987Michael Cooper
18%

Distribución de puntuación

Porcentaje por número respondido

Porcentaje de gente con cada puntuación

Historial de tus puntuaciones

No has intentado esta prueba.